La llamada de la selva /

Guardado en:
Autor Principal: London, Jack
Formato: Libro
Publicado: Buenos Aires : Gradifco, 2007
Series:Nogal
Materias:
Etiquetas: Agregar Etiqueta
Sin Etiquetas, Sea el primero en etiquetar este registro!
LEADER 00665nam a22002415a 4500
001 CEM.cems013467
005 20110222091017.0
008 130507s2007##################000#0#####d
003 CEMS
020 |a 9789871093779 
082 0 4 |a 818.5 
100 1 |a London, Jack 
245 1 0 |a La llamada de la selva /  |c Jack London 
260 |a Buenos Aires :  |b  Gradifco,  |c 2007 
300 |a 128 p. 
490 0 |a Nogal 
653 |a Literatura 
653 |a Literatura norteamericana 
653 |a Novelas 
653 |a Novela norteamericana 
653 |a El llamado de lo salvaje 
653 |a Novela de aventura 
859 |a CEMS  |b BIB. CEMS - 11 de abril  |h 818.5  |i L836-3  |p 26084.11  |t Ej.1